000 01090nam a22003377a 4500
003 CHAP
005 20220329141756.0
008 971013s1977 r 00010 d
010 _a73634
011 _a74606
035 _a84165
040 _cCHAP
082 _a519
_bA53 1977
100 0 0 _aAlder, Henry L.
_93699
245 _aIntroduction to probability and statistics
250 _a6 ed.
260 _aSan Francisco, Cal. :
_bFreeman,
_c1977
300 _a426 p.
590 _aBATCH-UPD
_b10
_c20130110
_lUCH01
_h0820
590 _aBATCH-UPD
_b10
_c20130410
_lUCH01
_h0458
590 _aBATCH-UPD
_b10
_c20130914
_lUCH01
_h1325
590 _aCONVERSION
_b10
_c20130109
_lUCH01
_h1340
650 1 4 _aEstadística.
_938241
650 1 4 _aProbabilidades.
_991687
700 0 _aRoessler, Edward B.
_999041
901 _aBK
942 _cLIBRO
949 _a519 A53 1977
_bBC
_cLIBRO
_d33724000123634
_eLIBRO
_h47465
_i84165
_si
949 _a519 A53 1977
_bBC
_cLIBRO
_d33724000123642
_eLIBRO
_fc.2
_h55513
_i84165
_si
949 _a519 A53 1977
_bBC
_cLIBRO
_d33724000123659
_eLIBRO
_fc.3
_h55514
_i84165
_si
999 _c73634
_d73634